Clinical biochemistry: an illustrated colour text (Record no. 39567)

MARC details
000 -LEADER
fixed length control field 00474nam a2200193Ia 4500
020 ## - INTERNATIONAL STANDARD BOOK NUMBER
ISBN 9780702051791
050 ## - CALL MARK
Classification number RB 40 .G39/
100 ## - STATEMENT OF RESPONSIBILITY--MAIN AUTHOR NAME
Personal name Gaw, Allan... [et al.].
245 #0 - TITLE STATEMENT
Title Clinical biochemistry: an illustrated colour text
250 ## - EDITION / VOLUME STATEMENT
Edition / Volume statement 5th ed.
260 ## - PUBLICATION, DISTRIBUTION, ETC. (IMPRINT)
Place of publication United Kingdom
260 ## - PUBLICATION, DISTRIBUTION, ETC. (IMPRINT)
Name of publisher Elsevier
260 ## - PUBLICATION, DISTRIBUTION, ETC. (IMPRINT)
Year of publication 2013
300 ## - PHYSICAL DESCRIPTION
Number of Pages 175 p
650 ## - SUBJECT ADDED ENTRY--TOPICAL TERM
Topical Term United Kingdom
942 ## - ADDED ENTRY ELEMENTS (KOHA)
Koha item type Books
Holdings
Withdrawn status Lost status Source of classification or shelving scheme Damaged status Not for loan Permanent Location Current Location Shelving location Date acquired Accession Number Price effective from Koha item type
    Library of Congress Classification     College of Health Sciences Library College of Health Sciences Library Items on shelf 06/03/2025 0193606 06/03/2025 Books
    Library of Congress Classification     College of Health Sciences Library College of Health Sciences Library Items on shelf 06/03/2025 0193607 06/03/2025 Books